01335nab a2200361 a 450000100060000000300080000600500170001400600190003100700150005000800410006502200140010603500210012004000260014105000210016708000100018808200140019810000250021222200570023724501800029426000510047430000100052531000150053536200250055053301640057565000140073965000310075365000350078465500320081970000250085171000190087685600610089599900170095633460FlNmELB20241216220826.0m o d | cr cn|||||||||201106r2006 ck |||||s|||||||||||spa d a0120-4157 a(OCoLC)955418043 aFlNmELBbspacFlNmELB 4aRC731bA674 2006 a616.204a616.22221 aArciniegas, William. 0aBiomédica. Revista del Instituto Nacional de Salud10aTuberculosis extrapulmonarh[recurso electronico] :brevisión de 102 casos, Hospital Universitario San Jorge de Pereira, 2000-2004 /cWilliam Arciniegas, Dora Luisa Orjuela. aBogotá (Colombia) :bRed Biomédica,c2006. a12 p. aTrimestral0 aVol. 26, No 1(2006)- aRecurso electrónico. Santa Fe, Arg.: e-libro, 2015. Disponible vía World Wide Web. El acceso puede estar limitado para las bibliotecas afiliadas a e-libro. 4aMedicina. 4axEnfermedades infecciosas. 4aMedical.xInfectious Diseases. 4aArtículos electrónicos.1 aOrjuela, Dora Luisa.2 ae-libro, Corp.40uhttps://elibro.net/ereader/politecnicointernacional/5366 c33460d33460